000 00548nam a22001817a 4500
999 _c8928
_d8928
008 210305b ||||| |||| 00| 0 eng d
040 _aBMS College of Architecture
100 _aBineshian, Farzaneh
245 _aFive star hotel
300 _a61p.
500 _a1BM08AT011
502 _8B.Arch
_NBMS College of Architecture, Visvesvaraya Technological University (VTU)
_aProject report
_d2013
650 _aHotel
700 _aAjaichandran C K
_eGuide
700 _aK R Madhu Chand
_eGuide
700 _aBhagyalaxmi M
_eGuide
942 _2ddc
_cTHE